000 nam a22 a 4500
999 _c381626
_d381626
003 BLK
005 20210301115632.0
008 210226b bul|||||r ||||||| ||bul||
020 _a9789545533297
040 _aBLK
041 _aBUL
_cBUL
080 _aУкраинска литература
_b821.161.2
_x-1
_z821.161.2-1
100 1 _aАндрухович, Юрий Игоревич
_eпърви автор
_932506
139 _aАндрухович, Юрий Игоревич
_bА 66
245 1 0 _aПисма до Украйна
_bСтихове
_cЮрий Игоревич Андрухович.
257 _aBGR
260 _aСофия
_bПарадокс
_c2020
300 _a130 с.
_c20 см
_bс ил.
380 _aX
500 _aОриг. загл., установено от доп. източник: Листи в Україну За авт.: с. 1 Няколко думи за преводача: с. 128-129
700 1 _aСтаменова, Албена Проданова
_eпрев. от укр.
_9373856
852 _bП
_c821-1/А 66 Ю
852 _bЦб
_aЦб 306050
856 4 _qpdf
856 4 _qpdf
942 _cKNG
_n0
_s1
_01
944 _aCR
_c2020-08-12
_kНР
999 _d381626
999 _d381626
999 _d381626
999 _d381626
999 _d381626
999 _d381626